000
00295nam a22001337a 4500
008
180104b xxu||||| |||| 00| 0 eng d
020
_a
072177673
041
_a
eng
080
_a
616-053.2
100
_a
8
101
_a
PED
245
_a
TEXTBOOK OF PEDIATRIC
_c
BEHRMAN,E.R
942
_2
udc
_c
BK
999
_c
39759
_d
39759